[Event "Belgrade Spring op"]
[Site "Belgrade"]
[Date "2008.03.25"]
[Round "1"]
[White "Ilic, Ljubisa"]
[Black "Brankov, Kristina"]
[Result "1/2-1/2"]
[WhiteElo "2310"]
[BlackElo "1875"]
[PlyCount "37"]
[EventDate "2008.03.25"]
[EventType "swiss"]
[EventRounds "9"]
[EventCountry "YUG"]
[SourceTitle "CBM 123 Extra"]
[Source "ChessBase"]
[SourceDate "2008.05.06"]
[SourceVersion "1"]
[SourceVersionDate "2008.05.06"]
[SourceQuality "1"]

1. Nf3 d5 2. g3 e6 3. d3 f5 4. Nbd2 Nf6 5. Bg2 Bd6 6. c4 c6 7. 0-0 0-0 8. a3 a5 9. Rb1 a4 10. b4 axb3 11. Qxb3 Nbd7 12. Bb2 Nc5 13. Qc2 Na4 14. Ra1 Nxb2 15. Qxb2 Qe7 16. a4 e5 17. cxd5 cxd5 18. Qb3 Kh8 19. Qc2 1/2-1/2